000 00542cam a2200169 4500
001 J63153
008 000000n1984 000 0 eng u
035 _a(Sirsi) u110130
110 _aIncorporated Society of Valuers and Auctioneers
_91201
245 2 _aA career in property
260 _aLondon
_bISVA
_c1984
300 _a8p. ; 21cm.
650 _aABOUT RICS-RELATED ORGANISATIONS-INCORPORATED SOCIETY OF VALUERS AND AUCTIONEERS
650 _aCAREERS, EDUCATION AND TRAINING
650 _aCAREERS, EDUCATION AND TRAINING
942 _n0
999 _c101058
_d101058